000 00456nam a2200181Ia 4500
008 090123s9999 xx 000 0 und d
082 _b787
100 _aदेसाई रणजित
245 _aकणव
250 _a1
260 _bदेशमुख रा.ज.
300 _a421
600 _aदेसाई रणजित
630 _aकणव
700 _aदेसाई रणजित
730 _aकणव
942 _cBOOK
999 _c38874
_d38874